000 00554nam a2200169Ia 4500
008 090201s9999 xx 000 0 und d
010 _aKPL-37858
040 _bमराठी
041 _aमराठी
082 _a16892
_b37858
100 _aकुमुद जोशी
245 _a100 वर्षे नीरोगी रहा
_cकुमुद जोशी
260 _c2004
_bगाला पब्लिशर्स
300 _a280
_bमोठा
600 _a100 वर्षे नीरोगी रहा
942 _cBOOK
999 _c216872
_d216872